30 most populous brazillian cities - Statistics

General Stats
  • This quiz has been taken 57 times
  • The average score is 18 of 30
Answer Stats
population city state % Correct
6,7 M rio de janeiro Rio de Janeiro
100%
12,2 M são paulo São Paulo
100%
3,7 M Brasília D.F
96%
2,9 M salvador Bahia
93%
2,5 M belo horizonte Minas
91%
2,2 M manaus Amazonas
89%
1,5 M porto alegre Rio Grande do Sul
89%
1,5 M belém Pará
84%
1,6 M recife Pernambuco
84%
2,6 M fortaleza Ceará
80%
1,5 M goiânia Goiás
80%
900k natal Rio Grande do Norte
78%
2 M curitiba Paraná
76%
1,2 M campinas São Paulo
71%
1,1 M são luís Maranhão
71%
838k são bernardo do campo São Paulo
56%
1 M maceió Alagoas
53%
864k teresina Piauí
49%
809k joão pessoa Paraíba
47%
1M campo grande Mato Grosso do Sul
42%
1,4 M guarúlhos São Paulo
42%
1,1 M são gonçalo Rio de Janeiro
36%
721k são josé dos campos São Paulo
27%
700k uberlândia Minas
27%
1M duque de caxias Rio de Janeiro
24%
700k osasco São Paulo
24%
821k nova iguaçu Rio de Janeiro
20%
703k ribeirão preto São Paulo
20%
718k santo andré São Paulo
18%
702k jaboatão dos guararapes Pernambuco
4%
No matching quizzes found
Score Distribution
Percent of People with Each Score
Percentile by Number Answered
Your Score History
You have not taken this quiz